[Event "Open d'Ille et Vilaine 2012"]
[Site "Rennes"]
[Date "2012.07.07"]
[Round "1.1"]
[White "Fischer, Julie"]
[Black "Meijers, Viesturs"]
[Result "0-1"]
[WhiteElo "1856"]
[BlackElo "2485"]
[PlyCount "70"]

1. e4 c5 2. Nf3 e6 3. d4 cxd4 4. Nxd4 a6 5. Be3 Nf6 6. Bd3 Qc7 7. O-O b5 8. c3
Bb7 9. Nd2 Be7 10. f4 d6 11. a4 bxa4 12. Qxa4+ Nbd7 13. N4b3 Ng4 14. Bd4 e5 15.
fxe5 dxe5 16. Bf2 Nxf2 17. Rxf2 O-O 18. Kh1 Nb6 19. Qa5 Qd6 20. Rf3 Rfe8 21. c4
Nd7 22. Raf1 f6 23. Nb1 Qb4 24. Qc7 Rad8 25. Na5 Ba8 26. c5 Qxc5 27. Qxc5 Nxc5
28. Bc2 Nxe4 29. Nc4 g6 30. Nc3 Nxc3 31. Rxc3 Bb4 32. Rh3 Kg7 33. Ra1 a5 34.
Bd3 Bd5 35. Nxa5 Ra8 0-1

[Event "Open d'Ille et Vilaine 2012"]
[Site "Rennes"]
[Date "2012.07.07"]
[Round "1.3"]
[White "Heyman, Jacques"]
[Black "Bailet, Pierre"]
[Result "1/2-1/2"]
[WhiteElo "1843"]
[BlackElo "2426"]
[PlyCount "119"]

1. d4 Nf6 2. Nf3 g6 3. Bg5 Bg7 4. Nbd2 d5 5. e3 O-O 6. Be2 c5 7. c3 b6 8. O-O
Bb7 9. Ne5 Nbd7 10. Bf4 a6 11. a4 Rc8 12. Re1 Ne8 13. Ndf3 Ndf6 14. Nd2 Nd6 15.
Bf3 Nfe4 16. Be2 Nxd2 17. Qxd2 Ne4 18. Qd1 f6 19. Nf3 e5 20. Bg3 c4 21. Nd2
Nxg3 22. hxg3 e4 23. f4 exf3 24. gxf3 Re8 25. Nf1 f5 26. f4 h5 27. Bf3 h4 28.
gxh4 Qxh4 29. Qd2 Kf7 30. Qg2 Rcd8 31. Qg3 Qe7 32. Re2 Bf6 33. Rg2 Rg8 34. Rh2
Rh8 35. Rxh8 Rxh8 36. Qg2 Qe6 37. Kf2 Rg8 38. Qh1 g5 39. fxg5 Bxg5 40. Qh5+ Kf8
41. Qh7 Qf7 42. Qxf7+ Kxf7 43. Nd2 Ba8 44. Rh1 Kg6 45. Bh5+ Kf6 46. Nf3 Bc6 47.
Nxg5 Rxg5 48. Bd1 Kg7 49. Rg1 Rxg1 50. Kxg1 Kf6 51. Kf2 Kg5 52. Kg3 Be8 53. Bf3
Bxa4 54. Bxd5 Bb3 55. Bc6 Bc2 56. Bb7 a5 57. Ba6 Bd3 58. Bb5 Bf1 59. Kf2 Bd3
60. Kg3 1/2-1/2

[Event "Open d'Ille et Vilaine 2012"]
[Site "Rennes"]
[Date "2012.07.07"]
[Round "1.5"]
[White "Vandomel, Fabrice"]
[Black "Le Goff, Damien"]
[Result "0-1"]
[WhiteElo "1840"]
[BlackElo "2303"]
[PlyCount "96"]

1. e4 e6 2. d4 d5 3. exd5 exd5 4. c4 Bb4+ 5. Nc3 Ne7 6. Bd3 dxc4 7. Bxc4 O-O 8.
Nf3 Bg4 9. Be3 Nbc6 10. O-O Nf5 11. Qd3 Qd7 12. Ng5 Bh5 13. Nd5 Bd6 14. Ne4 Be7
15. Nf4 Bg6 16. Nxg6 hxg6 17. Rfd1 Rad8 18. Nc5 Bxc5 19. dxc5 Qxd3 20. Bxd3
Nxe3 21. fxe3 Ne5 22. Be4 c6 23. Bc2 Rde8 24. Rd4 Re7 25. Rad1 Rfe8 26. h3 g5
27. e4 g6 28. Kf2 Kg7 29. b4 a6 30. a4 Rh8 31. Rh1 Rh4 32. Kg3 Nd7 33. Rhd1 Nf6
34. Bb1 Nxe4+ 35. Bxe4 Rhxe4 36. Kf3 Re3+ 37. Kf2 Re2+ 38. Kf1 Ra2 39. b5 axb5
40. axb5 cxb5 41. Rb4 Ree2 42. Rxb5 Rf2+ 43. Kg1 Rxg2+ 44. Kh1 Rh2+ 45. Kg1
Rag2+ 46. Kf1 Rc2 47. Kg1 Rcg2+ 48. Kf1 Rb2 0-1

[Event "Open d'Ille et Vilaine 2012"]
[Site "Rennes"]
[Date "2012.07.07"]
[Round "1.6"]
[White "Stephan, Victor"]
[Black "Pecot, Matthias"]
[Result "1/2-1/2"]
[WhiteElo "2253"]
[BlackElo "1835"]
[PlyCount "98"]

1. d4 Nf6 2. c4 e6 3. g3 Bb4+ 4. Bd2 Be7 5. Bg2 d5 6. Nf3 Ne4 7. O-O Nxd2 8.
Nbxd2 Nd7 9. e4 dxe4 10. Nxe4 O-O 11. Qc2 c5 12. d5 Nf6 13. Rad1 Nxe4 14. Qxe4
Qc7 15. Rfe1 Re8 16. Qc2 h6 17. Nd2 exd5 18. cxd5 Bg4 19. Rc1 Bd6 20. Ne4 Rac8
21. Nxd6 Rxe1+ 22. Rxe1 Qxd6 23. Qa4 Bd7 24. Qxa7 b5 25. Qa3 b4 26. Qe3 Re8 27.
Qd2 Rxe1+ 28. Qxe1 c4 29. Be4 f5 30. Bf3 Kf7 31. Qd2 Qc5 32. Qc2 Qd4 33. Kf1
Kf6 34. Ke1 c3 35. bxc3 bxc3 36. Qd1 Qc4 37. Be2 Qb4 38. Qb3 Qd4 39. Qd1 Qb4
40. Qb3 Qd4 41. Qc2 Ba4 42. Qd3 Qb4 43. a3 Qxa3 44. Qa6+ Ke5 45. f4+ Kxd5 46.
Qa5+ Qc5 47. Bf3+ Kd6 48. Qxa4 Qe3+ 49. Be2 Qg1+ 1/2-1/2

[Event "Open d'Ille et Vilaine 2012"]
[Site "Rennes"]
[Date "2012.07.07"]
[Round "1.8"]
[White "Bolon, Karelle"]
[Black "Le Duigou, Goulven"]
[Result "1/2-1/2"]
[WhiteElo "2107"]
[BlackElo "1821"]
[Annotator "Doe,John"]
[PlyCount "86"]
[EventDate "2012.??.??"]

1. d4 d5 2. Bf4 Nf6 3. e3 e6 4. Bd3 Bd6 5. Bg3 O-O 6. Nd2 Nbd7 7. Ngf3 Re8 8.
Ne5 Nf8 9. Bh4 Be7 10. O-O N6d7 11. Bxe7 Qxe7 12. e4 Nxe5 13. dxe5 dxe4 14.
Nxe4 b6 15. Qh5 Bb7 16. Rae1 Bxe4 17. Rxe4 f5 18. exf6 Qxf6 19. Rh4 g6 20. Qg4
Rad8 21. b3 Rd5 22. Rh3 Rg5 23. Qh4 Rd8 24. Rg3 Rf5 25. Qxf6 Rxf6 26. Re1 Kf7
27. Rge3 Rd6 28. g3 Nd7 29. f4 c6 30. Rd1 Ke7 31. h4 Nc5 32. Be2 Rxd1+ 33. Bxd1
Rf8 34. Bg4 Rf6 35. Bf3 Na6 36. Bxc6 Nb4 37. Be4 Nxa2 38. c3 Rf8 39. Bb1 Rd8
40. Bxa2 Rd2 41. Bb1 Rd1+ 42. Kf2 Rxb1 43. c4 Kd6 {(=)} 1/2-1/2

[Event "Open d'Ille et Vilaine 2012"]
[Site "Rennes"]
[Date "2012.07.06"]
[Round "1.9"]
[White "Collet, Davy"]
[Black "Aubry, Yannis"]
[Result "0-1"]
[WhiteElo "1815"]
[BlackElo "2104"]
[PlyCount "88"]

1. e4 e6 2. d4 d5 3. Nc3 Bb4 4. e5 c5 5. Bd2 Ne7 6. Nb5 Bxd2+ 7. Qxd2 O-O 8. f4
a6 9. Nd6 cxd4 10. Nf3 Nbc6 11. O-O-O f6 12. exf6 Rxf6 13. Nxc8 Rxc8 14. Nxd4
Nxd4 15. Qxd4 Qc7 16. Bd3 Qxf4+ 17. Qxf4 Rxf4 18. Rde1 Rf6 19. g4 Nc6 20. a3 e5
21. g5 Rf2 22. Re2 Rxe2 23. Bxe2 Nd4 24. Bd1 Kf7 25. c3 g6 26. Kd2 Nf5 27. Rf1
Ke6 28. b3 e4 29. Bg4 Ke5 30. a4 Rd8 31. Rc1 Kf4 32. Bxf5 gxf5 33. h4 Kg3 34.
h5 Kf2 35. Re1 f4 36. Re2+ Kf3 37. Re1 e3+ 38. Kd3 Re8 39. g6 hxg6 40. hxg6 Kf2
41. Rh1 f3 42. g7 e2 43. Kd2 Rg8 44. Rh2+ Kg1 0-1

[Event "Open d'Ille et Vilaine 2012"]
[Site "Rennes"]
[Date "2012.07.07"]
[Round "1.10"]
[White "Otmani, Kamel"]
[Black "Ferrandi, Bernard"]
[Result "1-0"]
[WhiteElo "2090"]
[BlackElo "1814"]
[PlyCount "39"]

1. e4 e5 2. Nf3 Nc6 3. d4 exd4 4. Bc4 h6 5. O-O d6 6. Nxd4 Nxd4 7. Qxd4 Qf6 8.
Qd3 Ne7 9. Nc3 Be6 10. Nb5 Kd7 11. Bd2 Nc6 12. Bc3 Bxc4 13. Qxc4 Qe6 14. Qa4
Be7 15. Nd4 Qxe4 16. Rfe1 Qd5 17. Nxc6 bxc6 18. Qg4+ f5 19. Qxg7 Rae8 20. Rxe7+
1-0

[Event "Open d'Ille et Vilaine 2012"]
[Site "Rennes"]
[Date "2012.07.07"]
[Round "2.1"]
[White "Meijers, Viesturs"]
[Black "Maulana, Kahfi"]
[Result "1-0"]
[WhiteElo "2485"]
[BlackElo "2006"]
[PlyCount "100"]

1. c4 Nf6 2. b3 a6 3. e3 Nc6 4. Bb2 e6 5. Nf3 Be7 6. g3 O-O 7. Bg2 b5 8. cxb5
axb5 9. Nd4 Ra6 10. Nxc6 dxc6 11. O-O Qd3 12. Re1 Bb7 13. Bf1 Qf5 14. Nc3 Ng4
15. f4 Bc5 16. h3 Nf6 17. Kh2 Rd8 18. d4 Bb6 19. Bd3 Qh5 20. Qxh5 Nxh5 21. a4
c5 22. Bxb5 cxd4 23. exd4 Raa8 24. Ne2 Nf6 25. b4 Ne4 26. Rad1 Nf2 27. Rc1 Be4
28. a5 Ba7 29. Bc6 Rab8 30. Bxe4 Nxe4 31. Rxc7 Rxb4 32. Ba3 Bb8 33. Bxb4 Bxc7
34. Rc1 Bd6 35. Bxd6 Nxd6 36. a6 Ra8 37. Rc6 Nb5 38. Rb6 Na7 39. Nc3 Kf8 40.
Ne4 Nc8 41. Rc6 Ne7 42. Rd6 Nc8 43. Rd8+ Ke7 44. Rh8 h6 45. h4 Nb6 46. Rxa8
Nxa8 47. h5 f6 48. a7 Kd7 49. g4 Kc6 50. Nxf6 Nc7 1-0

[Event "Open d'Ille et Vilaine 2012"]
[Site "Rennes"]
[Date "2012.07.07"]
[Round "2.2"]
[White "Capitaine, Mathieu"]
[Black "Inkiov, Ventzislav"]
[Result "0-1"]
[WhiteElo "1995"]
[BlackElo "2460"]
[PlyCount "98"]

1. e4 c5 2. Nc3 Nc6 3. g3 e5 4. Bg2 g6 5. d3 Bg7 6. Nf3 d6 7. O-O Nge7 8. Nh4
O-O 9. f4 exf4 10. Bxf4 h6 11. Be3 Nd4 12. Qd2 Kh7 13. Rf2 Be6 14. Raf1 f5 15.
Nd1 Qd7 16. c3 Ndc6 17. d4 cxd4 18. cxd4 d5 19. e5 a5 20. Nc3 a4 21. Rc1 Na5
22. Bf1 Nc4 23. Bxc4 dxc4 24. a3 Rad8 25. Qc2 Nd5 26. Bd2 b5 27. Nxd5 Bxd5 28.
Be3 Bb7 29. Ng2 Qd5 30. Kf1 g5 31. g4 Qe4 32. gxf5 Qxc2 33. Rcxc2 Be4 34. Rcd2
Rxf5 35. Rxf5 Bxf5 36. Rf2 Kg6 37. Ne1 Bf8 38. Ke2 b4 39. axb4 Bxb4 40. Nf3 c3
41. Kd1 c2+ 42. Rxc2 Bxc2+ 43. Kxc2 Kf5 44. Kd3 Ba5 45. Bd2 Bxd2 46. Nxd2 Rb8
47. Kc3 h5 48. Nc4 Rb3+ 49. Kc2 Ke6 0-1

[Event "Open d'Ille et Vilaine 2012"]
[Site "Rennes"]
[Date "2012.07.07"]
[Round "2.6"]
[White "Aubry, Yannis"]
[Black "Geffroy, Leo"]
[Result "1/2-1/2"]
[WhiteElo "2104"]
[BlackElo "1921"]
[Annotator "Doe,John"]
[PlyCount "47"]

1. e4 c5 2. Nf3 Nc6 3. d4 cxd4 4. Nxd4 Nf6 5. Nc3 e5 6. Ndb5 d6 7. Bg5 a6 8.
Na3 b5 9. Bxf6 gxf6 10. Nd5 f5 11. Bd3 Be6 12. c3 Bg7 13. Nxb5 axb5 14. Bxb5
Bd7 15. exf5 O-O 16. O-O e4 17. a4 Rb8 18. Qg4 Ne5 19. Qxe4 Bxb5 20. axb5 Rxb5
21. b4 Nd7 22. Ra7 Nf6 23. Ne7+ Kh8 24. Qf3 {(=)} 1/2-1/2

[Event "Open d'Ille et Vilaine 2012"]
[Site "Rennes"]
[Date "2012.07.07"]
[Round "2.7"]
[White "Mahe, Romain"]
[Black "Otmani, Kamel"]
[Result "0-1"]
[WhiteElo "1934"]
[BlackElo "2090"]
[PlyCount "94"]

1. e4 c5 2. Nf3 Nc6 3. d4 cxd4 4. Nxd4 g6 5. Nc3 Bg7 6. Be3 Nf6 7. Qd2 O-O 8.
Be2 d5 9. exd5 Nb4 10. O-O-O Nbxd5 11. Nxd5 Qxd5 12. Kb1 Qxg2 13. Bf3 Qh3 14.
Rhg1 e5 15. Rg3 Qd7 16. Nb3 Qxd2 17. Rxd2 e4 18. Be2 b6 19. Nd4 Bb7 20. Nb5 Nd5
21. Nd6 Bc6 22. Bd4 Bh6 23. Be3 Nxe3 24. fxe3 Rad8 25. Kc1 Bg7 26. Rg4 Be5 27.
Nc4 Rxd2 28. Nxd2 f5 29. Rg2 f4 30. Rf2 fxe3 31. Rxf8+ Kxf8 32. Nf1 Ke7 33.
Nxe3 Bxh2 34. Nc4 Bf4+ 35. Kd1 Kf6 36. b3 h5 37. a4 Kf5 38. a5 b5 39. Na3 a6
40. c4 bxc4 41. Bxc4 Bb7 42. b4 h4 43. b5 h3 44. Bf1 h2 45. Bg2 axb5 46. Nxb5
Be5 47. Kd2 e3+ 0-1

[Event "Open d'Ille et Vilaine 2012"]
[Site "Rennes"]
[Date "2012.07.07"]
[Round "2.8"]
[White "Busnel, Laurent"]
[Black "Jouneau, Quentin"]
[Result "0-1"]
[WhiteElo "1928"]
[BlackElo "2026"]
[PlyCount "60"]

1. e4 Nc6 2. Nc3 e5 3. Nf3 Bc5 4. Bb5 d6 5. d3 Be6 6. Bg5 f6 7. Bd2 Nge7 8. Na4
Bb6 9. O-O Qd7 10. Nxb6 cxb6 11. Ba4 d5 12. Qe2 Bg4 13. h3 Bh5 14. Kh2 g5 15.
g4 Bg6 16. Bxg5 fxg5 17. Nxe5 Qd6 18. exd5 Nxd5 19. f4 O-O-O 20. Bxc6 bxc6 21.
f5 Be8 22. d4 h5 23. Kg3 Nf4 24. Qa6+ Kb8 25. c3 hxg4 26. hxg4 Rh3+ 27. Kf2
Rh2+ 28. Ke1 Re2+ 29. Qxe2 Nxe2 30. Kxe2 c5 0-1

[Event "Open d'Ille et Vilaine 2012"]
[Site "Rennes"]
[Date "2012.07.07"]
[Round "2.9"]
[White "Hubert, Raphael"]
[Black "Simonin, Joseph"]
[Result "0-1"]
[WhiteElo "2006"]
[BlackElo "1707"]
[PlyCount "51"]

1. e4 c5 2. Nf3 Nc6 3. Bc4 d6 4. O-O g6 5. c3 Bg7 6. d4 cxd4 7. cxd4 Nf6 8. d5
Na5 9. Bd3 b6 10. Nfd2 O-O 11. f4 Qc7 12. h3 Bd7 13. Nc3 Ne8 14. Nf3 Bxc3 15.
bxc3 Qxc3 16. Be3 Qc7 17. Rc1 Qb7 18. Qe1 f5 19. Qh4 fxe4 20. Ng5 Nf6 21. Bxe4
Kg7 22. Bd4 Rh8 23. f5 h6 24. Ne6+ Bxe6 25. fxe6 Raf8 26. Qg4 0-1

[Event "Open d'Ille et Vilaine 2012"]
[Site "Rennes"]
[Date "2012.07.07"]
[Round "2.10"]
[White "Ruhlmann, Helene"]
[Black "Stephan, Victor"]
[Result "0-1"]
[WhiteElo "1763"]
[BlackElo "2253"]
[PlyCount "78"]

1. d4 g6 2. e4 Bg7 3. Nf3 d6 4. Be3 Nd7 5. Bc4 e6 6. Nbd2 a6 7. a4 b6 8. c3 Ne7
9. O-O h6 10. Re1 Bb7 11. Bd3 O-O 12. Nf1 f5 13. exf5 exf5 14. Bd2 Kh7 15. Bc4
Nf6 16. Bc1 Ne4 17. N1d2 Qd7 18. Qc2 Rae8 19. Qd3 Qc8 20. Qf1 Ng8 21. Nb3 Ngf6
22. Nfd2 c5 23. f3 d5 24. Be2 Nd6 25. dxc5 bxc5 26. Na5 Ba8 27. b4 Nd7 28. Ra3
d4 29. Bb2 cxb4 30. cxb4 Qb8 31. Rb3 Nb6 32. Ra1 Nd5 33. Bxa6 Re3 34. Qd1 Nc3
35. Bxc3 dxc3 36. Nf1 c2 37. Qxc2 Rxb3 38. Nxb3 Bxa1 39. Nxa1 Qb6+ 0-1

[Event "Open d'Ille et Vilaine 2012"]
[Site "Rennes"]
[Date "2012.07.07"]
[Round "3.1"]
[White "Deltour, Quentin"]
[Black "Meijers, Viesturs"]
[Result "0-1"]
[WhiteElo "1699"]
[BlackElo "2485"]
[PlyCount "65"]

1. e4 c5 2. Nf3 e6 3. d4 cxd4 4. Nxd4 a6 5. Bd3 Nf6 6. O-O Qc7 7. Qe2 d6 8. c4
Nbd7 9. f4 g6 10. Kh1 Bg7 11. Nb3 O-O 12. Nc3 b6 13. Be3 Bb7 14. Rad1 Rfe8 15.
Rd2 Rac8 16. Rfd1 Bf8 17. Kg1 Nc5 18. Nxc5 bxc5 19. Bb1 Bc6 20. Bf2 Nh5 21. Bg3
Rcd8 22. Qf2 Nxg3 23. hxg3 Bg7 24. Kh2 f5 25. Re1 Bb7 26. Rde2 Bd4 27. Qf1 Qg7
28. g4 Qh6+ 29. Kg3 g5 30. fxg5 Be5+ 31. Kf3 Qxg5 32. Kf2 Bd4+ 33. Re3 0-1

[Event "Open d'Ille et Vilaine 2012"]
[Site "Rennes"]
[Date "2012.07.07"]
[Round "3.2"]
[White "Inkiov, Ventzislav"]
[Black "Martin, Yvon"]
[Result "1-0"]
[WhiteElo "2460"]
[BlackElo "1664"]
[PlyCount "59"]

1. e4 e6 2. d4 d5 3. e5 c5 4. c3 Nc6 5. Nf3 Bd7 6. Be2 Qc7 7. O-O Be7 8. Na3 a6
9. Bf4 h6 10. Bg3 cxd4 11. cxd4 Bxa3 12. bxa3 Nge7 13. Bd3 b5 14. Rc1 Qb6 15.
Bb1 Na5 16. Rc3 Nc4 17. Bf4 a5 18. Ne1 b4 19. axb4 axb4 20. Rh3 Bb5 21. Qg4 g6
22. Bxh6 Kd7 23. Nd3 Nb2 24. Nc5+ Ke8 25. Bc1 Rxh3 26. Qxh3 Kf8 27. Qh6+ Kg8
28. Bg5 Nf5 29. Bxf5 exf5 30. Bf6 1-0

[Event "Open d'Ille et Vilaine 2012"]
[Site "Rennes"]
[Date "2012.07.07"]
[Round "3.3"]
[White "Ivanov, Jordan"]
[Black "Dujardin, Bernard"]
[Result "1-0"]
[WhiteElo "2367"]
[BlackElo "1658"]
[PlyCount "41"]

1. d4 Nf6 2. c4 d5 3. cxd5 Nxd5 4. e4 Nf6 5. e5 Nd5 6. Nc3 e6 7. Nf3 Be7 8. Bd3
h6 9. O-O O-O 10. Bc2 b6 11. Nxd5 Qxd5 12. Qd3 g6 13. Bxh6 Ba6 14. Qe3 Bxf1 15.
Rxf1 c6 16. Be4 Qb5 17. Bxf8 Bxf8 18. Qg5 Na6 19. Bxg6 fxg6 20. Qxg6+ Kh8 21.
Ng5 1-0

[Event "Open d'Ille et Vilaine 2012"]
[Site "Rennes"]
[Date "2012.07.07"]
[Round "3.4"]
[White "Deniau, Pascal"]
[Black "Le Goff, Damien"]
[Result "0-1"]
[WhiteElo "1690"]
[BlackElo "2303"]
[PlyCount "64"]

1. d4 Nf6 2. c4 c5 3. d5 b5 4. cxb5 a6 5. bxa6 g6 6. Nc3 Bxa6 7. e4 Bxf1 8.
Kxf1 d6 9. g3 Bg7 10. Kg2 O-O 11. Nf3 Nbd7 12. Re1 Ng4 13. Ng5 Nge5 14. f4 Nc4
15. Qc2 Qa5 16. a3 Rfb8 17. Nf3 Nxb2 18. Bxb2 Rxb2 19. Qxb2 Bxc3 20. Qc2 Nb6
21. Rec1 Bxa1 22. Rxa1 Qa4 23. Qxa4 Rxa4 24. Nd2 f5 25. Rb1 Ra6 26. e5 dxe5 27.
fxe5 Nxd5 28. Rb5 Rxa3 29. Rxc5 Ne3+ 30. Kf2 Ng4+ 31. Kg2 Ra2 32. Rd5 Ne3+ 0-1

[Event "Open d'Ille et Vilaine 2012"]
[Site "Rennes"]
[Date "2012.07.07"]
[Round "3.5"]
[White "Hubert, Erwan"]
[Black "Guezennec, Franck"]
[Result "0-1"]
[WhiteElo "1645"]
[BlackElo "2181"]
[PlyCount "102"]

1. e4 c5 2. Nf3 e6 3. c3 Nf6 4. e5 Nd5 5. d4 cxd4 6. cxd4 d6 7. Bd2 Nc6 8. Nc3
Nxc3 9. Bxc3 d5 10. Bd3 Be7 11. O-O Bd7 12. Rc1 O-O 13. Bb1 f6 14. Qd3 f5 15.
a3 g5 16. b4 a6 17. Nd2 Na7 18. Nb3 Bb5 19. Qd2 Bxf1 20. Rxf1 b6 21. Bd3 Qd7
22. Ra1 Qa4 23. Bc2 Qc6 24. Bb2 Rac8 25. Bd3 Qa4 26. Bc2 Qd7 27. Bd3 Rc7 28. a4
Qc8 29. Ba3 Kh8 30. a5 b5 31. Bb2 Nc6 32. Nc5 Bxc5 33. bxc5 Rg7 34. Bc3 g4 35.
Qf4 Qd8 36. Bd2 g3 37. hxg3 Rg4 38. Qh6 Nxd4 39. Qe3 Nc6 40. Qe1 Qc7 41. Bf4
Rc8 42. Be2 Rxf4 43. gxf4 Nd4 44. Rc1 Nb3 45. Rc3 Qxa5 46. Kf1 Nxc5 47. Qc1 b4
48. Rc2 b3 49. Rb2 Rc7 50. g3 Nd3 51. Qxc7 Qxc7 0-1

[Event "Open d'Ille et Vilaine 2012"]
[Site "Rennes"]
[Date "2012.07.07"]
[Round "3.7"]
[White "Jouneau, Quentin"]
[Black "Ragot Gaufreteau, Maelyss"]
[Result "1-0"]
[WhiteElo "2026"]
[BlackElo "1438"]
[PlyCount "91"]

1. e4 c5 2. Nf3 Nc6 3. d4 cxd4 4. Nxd4 g6 5. Be3 Bg7 6. g3 Nf6 7. Bg2 O-O 8.
O-O d6 9. Nxc6 bxc6 10. e5 Nd5 11. Bd4 Qc7 12. exd6 exd6 13. Bxg7 Kxg7 14. c4
Nf6 15. Nc3 Bb7 16. Rc1 Rfd8 17. Qa4 Qd7 18. Rfd1 d5 19. cxd5 cxd5 20. Qd4 Rac8
21. Qxa7 Rc4 22. b3 Rb4 23. Qc5 Qd6 24. Ne2 Qxc5 25. Rxc5 Ba6 26. Nd4 Rb7 27.
Rdc1 Ne4 28. Rc7 Rxc7 29. Rxc7 Re8 30. b4 Bc4 31. a3 Nc3 32. h4 Re1+ 33. Kh2
Ra1 34. Ne6+ Kf6 35. Nd8 Rxa3 36. Rxf7+ Ke5 37. Rxh7 d4 38. Nc6+ Kd6 39. Nxd4
Bd5 40. Rg7 Bxg2 41. Kxg2 Ke5 42. Nf3+ Kf6 43. Rc7 Nd5 44. Rc6+ Kf5 45. g4+ Ke4
46. Re6+ 1-0

[Event "Open d'Ille et Vilaine 2012"]
[Site "Rennes"]
[Date "2012.07.07"]
[Round "3.10"]
[White "Stephan, Victor"]
[Black "Midy, Robin"]
[Result "1-0"]
[WhiteElo "2253"]
[BlackElo "1589"]
[PlyCount "129"]

1. g3 d5 2. Bg2 Nf6 3. c4 e6 4. d4 c6 5. Nf3 Bd6 6. O-O O-O 7. b3 Nbd7 8. Ba3
Bxa3 9. Nxa3 Qa5 10. Nc2 Ne4 11. Nce1 f5 12. Nd3 Qc7 13. Nfe5 Nxe5 14. Nxe5 Bd7
15. f3 Nd6 16. Qd2 Nf7 17. Nxf7 Rxf7 18. e4 dxe4 19. fxe4 Raf8 20. Rad1 f4 21.
gxf4 Rxf4 22. e5 Rxf1+ 23. Bxf1 Be8 24. Qe3 Bh5 25. Re1 Qe7 26. Bg2 Qh4 27. d5
Bf3 28. d6 Bxg2 29. Kxg2 Qg4+ 30. Qg3 Qd4 31. Re2 Rf5 32. h4 Rf4 33. Kh3 Rxh4+
34. Qxh4 Qd3+ 35. Qg3 Qxe2 36. Qc3 Qf1+ 37. Kg3 Qf7 38. Qd4 Qg6+ 39. Kf3 Qf7+
40. Ke2 Qd7 41. Qxa7 Kf7 42. Qf2+ Kg6 43. Qg3+ Kf5 44. c5 g5 45. Ke3 h5 46. Kd4
Qf7 47. Qd3+ Kg4 48. Kc3 Qd7 49. Qe4+ Kg3 50. Qg6 Kh4 51. Qf6 Qe8 52. Qe7 Qh8
53. Kd4 Kg4 54. d7 Kf5 55. Qf6+ Qxf6 56. exf6 Kxf6 57. d8=Q+ Kf5 58. Qf8+ Kg4
59. Ke4 Kh4 60. Qf2+ Kh3 61. Qf3+ Kh4 62. Qh1+ Kg4 63. Qg2+ Kh4 64. Kf3 g4+ 65.
Kf4 1-0

[Event "Open d'Ille et Vilaine 2012"]
[Site "Rennes"]
[Date "2012.07.08"]
[Round "4.1"]
[White "Meijers, Viesturs"]
[Black "Otmani, Kamel"]
[Result "1-0"]
[WhiteElo "2485"]
[BlackElo "2090"]
[PlyCount "44"]

1. c4 Nf6 2. b3 g6 3. Bb2 Bg7 4. Nf3 O-O 5. g3 c5 6. Bg2 Nc6 7. O-O d5 8. cxd5
Nxd5 9. Bxg7 Kxg7 10. Qc1 Qd6 11. Na3 Nc7 12. Qc3+ f6 13. Rfc1 Ne6 14. e3 Nb4
15. Ne1 Nd5 16. Qb2 Ndc7 17. Nc4 Qd7 18. a3 Rb8 19. b4 b6 20. bxc5 Nxc5 21. d4
Na4 22. Qc2 Bb7 1-0

[Event "Open d'Ille et Vilaine 2012"]
[Site "Rennes"]
[Date "2012.07.08"]
[Round "4.2"]
[White "Guezennec, Franck"]
[Black "Inkiov, Ventzislav"]
[Result "0-1"]
[WhiteElo "2181"]
[BlackElo "2460"]
[PlyCount "84"]

1. e4 c5 2. Nf3 d6 3. c3 Nf6 4. Be2 Nbd7 5. Qc2 Qc7 6. O-O g6 7. a4 Bg7 8. Na3
a6 9. Nc4 b6 10. d4 d5 11. exd5 Nxd5 12. dxc5 Nxc5 13. Bg5 O-O 14. a5 Bf5 15.
Qd1 Rad8 16. Nd4 b5 17. Nb6 Nf6 18. Qc1 Be4 19. Ra3 e5 20. Nc2 Bd3 21. Re1 Bxe2
22. Rxe2 Nd3 23. Qb1 h6 24. Bxf6 Bxf6 25. Ne3 Nf4 26. Re1 Qb7 27. c4 Be7 28.
Nbd5 Bxa3 29. bxa3 Nxd5 30. Nxd5 Qa7 31. Rxe5 bxc4 32. Qa1 Rd6 33. h4 Rfd8 34.
Re7 Qb8 35. Ne3 h5 36. Qe5 Rd4 37. Re8+ Rxe8 38. Qxd4 Qc7 39. g3 c3 40. Nd5 Qe5
41. Nf6+ Kh8 42. Qd7 c2 0-1

[Event "Open d'Ille et Vilaine 2012"]
[Site "Rennes"]
[Date "2012.07.08"]
[Round "4.3"]
[White "Hubert, Raphael"]
[Black "Ivanov, Jordan"]
[Result "0-1"]
[WhiteElo "2006"]
[BlackElo "2367"]
[PlyCount "60"]

1. e4 c5 2. Nf3 e6 3. d4 cxd4 4. Nxd4 Nc6 5. Nxc6 bxc6 6. Bd3 Nf6 7. O-O d5 8.
e5 Nd7 9. f4 Ba6 10. Be3 Bxd3 11. Qxd3 Bc5 12. Bxc5 Nxc5 13. Qg3 Ne4 14. Qxg7
Qb6+ 15. Kh1 Nf2+ 16. Rxf2 Qxf2 17. Nd2 O-O-O 18. Qxf7 Qxd2 19. Qxe6+ Kc7 20.
f5 Qxc2 21. f6 Rhg8 22. Rg1 Qc5 23. Qf7+ Kb6 24. Qh5 d4 25. f7 Rdf8 26. a4 d3
27. b4 Qe3 28. a5+ Kb7 29. b5 cxb5 30. a6+ Kb8 0-1

[Event "Open d'Ille et Vilaine 2012"]
[Site "Rennes"]
[Date "2012.07.08"]
[Round "4.4"]
[White "Le Goff, Damien"]
[Black "Jouneau, Quentin"]
[Result "1-0"]
[WhiteElo "2303"]
[BlackElo "2026"]
[PlyCount "115"]

1. e4 Nf6 2. e5 Nd5 3. c4 Nb6 4. d4 d6 5. exd6 cxd6 6. Nc3 Nc6 7. h3 Bf5 8. Be3
e5 9. d5 Nb8 10. Nf3 N8d7 11. Be2 Be7 12. O-O O-O 13. b4 Rc8 14. Qb3 Bg6 15. a4
e4 16. Nd2 Bg5 17. Bxg5 Qxg5 18. Ndxe4 Bxe4 19. Nxe4 Qe5 20. Ng3 Qf4 21. Rac1
Nxd5 22. Bf3 N5b6 23. Bxb7 Rxc4 24. Rxc4 Qxc4 25. Qxc4 Nxc4 26. Rc1 Rb8 27. Ba6
Nce5 28. Nf5 g6 29. Rc8+ Rxc8 30. Ne7+ Kf8 31. Nxc8 Nb6 32. Nxd6 Nxa4 33. Nc8
Nb6 34. Nxa7 Ke8 35. Bb5+ Kd8 36. Nc6+ Nxc6 37. Bxc6 Kc7 38. Bf3 Nc8 39. Be2
Na7 40. Bc4 Nc6 41. b5 Nd4 42. Kh2 f6 43. Kg3 Kb6 44. Kg4 Kc5 45. Bg8 h5+ 46.
Kf4 Nf5 47. Bf7 Ne7 48. Be8 g5+ 49. Ke3 Nf5+ 50. Kd3 h4 51. Bc6 Nd6 52. Bd7 Nc4
53. Ke4 Nd6+ 54. Kf3 f5 55. g3 g4+ 56. hxg4 h3 57. gxf5 h2 58. Kg2 1-0

[Event "Open d'Ille et Vilaine 2012"]
[Site "Rennes"]
[Date "2012.07.08"]
[Round "4.5"]
[White "Bailet, Pierre"]
[Black "Aubry, Yannis"]
[Result "1-0"]
[WhiteElo "2426"]
[BlackElo "2104"]
[Annotator "Doe,John"]
[PlyCount "57"]

1. d4 e6 2. c4 Nf6 3. Nf3 c5 4. e3 d5 5. Nc3 Nc6 6. a3 cxd4 7. exd4 Be7 8. Bd3
dxc4 9. Bxc4 O-O 10. O-O Nd5 11. Bxd5 exd5 12. Qb3 Bf6 13. Nxd5 Nxd4 14. Nxd4
Bxd4 15. Rd1 Be5 16. Be3 Bg4 {(=)} 17. f3 Be6 18. Qb5 Qh4 19. Ne7+ Qxe7 20.
Qxe5 Rfc8 21. Rd6 Re8 22. Bd4 f6 23. Qg3 b6 24. Re1 Qf7 25. h4 h5 26. Bc3 Rad8
27. Rexe6 Qxe6 28. Rxe6 Rxe6 29. Qc7 1-0

[Event "Open d'Ille et Vilaine 2012"]
[Site "Rennes"]
[Date "2012.07.08"]
[Round "4.6"]
[White "Louis, Corentin"]
[Black "Stephan, Victor"]
[Result "0-1"]
[WhiteElo "1994"]
[BlackElo "2253"]
[Annotator "Doe,John"]
[PlyCount "62"]
[EventDate "2012.??.??"]

1. e4 c5 2. Nf3 d6 3. d4 cxd4 4. Nxd4 Nf6 5. Nc3 a6 6. Qf3 Nbd7 7. Be3 Qc7 8.
h3 g6 9. g4 b5 10. Bxb5 axb5 11. Ndxb5 (11. g5 b4 12. Ncb5 Qa5 13. gxf6 e5 14.
Ne6 fxe6 15. f7+ Kd8) 11... Qb8 (11... Qc6 12. g5 Ba6 13. Nd4) 12. g5 Ba6 13.
e5 Bxb5 (13... Bb7 14. Qe2 Bxh1 15. gxf6 dxe5) 14. Nxb5 Ra5 (14... d5 15. Nd6+
exd6 16. e6 (16. exf6)) 15. Nxd6+ exd6 16. exf6 Ne5 17. Qe2 (17. Qg2 h6 18. f4
Qxb2 19. O-O Qc3 20. Rfe1 hxg5 21. fxe5 dxe5) 17... Qb7 18. O-O-O (18. Kd2)
18... Rxa2 19. Bd4 Ra1+ 20. Kd2 Qb4+ (20... Ra4 21. Bxe5 Re4 22. Qf3 dxe5 23.
Kc1) 21. Ke3 Rxd1 22. Rxd1 Qc4 23. Qxc4 (23. Bxe5 Qxe2+ 24. Kxe2 dxe5 25. Ra1
Kd7 26. Ra8 h6 27. gxh6) (23. Ra1 Qxe2+ 24. Kxe2 Kd7 25. Ra7+) 23... Nxc4+ 24.
Ke4 Kd7 25. Kd5 Ne5 26. Ra1 Nc6 27. Bc3 h6 28. Ra6 (28. b4 hxg5 29. b5 Nd8 30.
Ra7+ Kc8 31. Ra8+ Kd7 32. Ba5 Ne6 33. Ra7+ Kc8 34. Rxf7 Nf4+ 35. Kc6 Ne6 36.
Ra7 Kb8 37. b6 Nd8+ 38. Kd7 Nb7 39. Bd2 Rxh3 40. Bxg5) 28... hxg5 29. Rxc6 Rh5
30. Ra6 g4+ 31. Ke4 gxh3 0-1

[Event "Open d'Ille et Vilaine 2012"]
[Site "Rennes"]
[Date "2012.07.08"]
[Round "4.7"]
[White "Ruhlmann, Helene"]
[Black "Bolon, Karelle"]
[Result "1-0"]
[WhiteElo "1763"]
[BlackElo "2107"]
[PlyCount "76"]

1. d4 Nf6 2. Nf3 e6 3. c4 b6 4. Nc3 Bb7 5. Bg5 Be7 6. Qc2 d5 7. e3 Nbd7 8. cxd5
exd5 9. Bd3 O-O 10. O-O Ne4 11. Bxe7 Qxe7 12. Rac1 f5 13. Nd2 Rf6 14. Ndxe4
fxe4 15. Be2 Rh6 16. Bg4 Nf6 17. Bh3 Bc8 18. Bxc8 Rxc8 19. Qe2 Qd7 20. f3 c5
21. fxe4 dxe4 22. Rcd1 Qc7 23. g3 Rg6 24. Rf4 Re8 25. Qc4+ Kh8 26. dxc5 h5 27.
Nb5 Qxc5 28. Qxc5 bxc5 29. Nd6 Re6 30. Kg2 Ng4 31. Rf8+ Kh7 32. Nc4 Rgf6 33.
Rxf6 Rxf6 34. h3 Nh6 35. Rd5 Rf5 36. Rxf5 Nxf5 37. Kf2 Kg6 38. Ne5+ Kg5 1-0